000 00366 a2200157 4500
001 151894
040 _cEscola São Tomás de Aquino
100 _aAGUIAR, Luiz Antonio
240 1 0 _aO mundo é dos canários.
_lpor
245 1 0 _aO mundo é dos canários.
300 _a137
362 0 _a2010
440 1 _aÁtica
697 _a*LITERATURA JUVENIL
942 _cBK
999 _c151894
_d151894